000 01028nam a22003015i 4500
003 EG-ScBUE
005 20221220114324.0
008 170327s2013 cc a f 000 0 mul d
020 _a9787553720692
040 _aEG-ScBUE
_beng
_erda
_cEG-ScBUE
_dEG-ScBUE
041 0 _achi
_aeng
082 0 4 _a729
_bCRE
_222
245 0 0 _aCreative diagram in architecture II =
_b创意分析 II 专著 : 图解建筑 /
_ceditor, Ifengspace Beijing.
246 3 1 _a创意分析 . II 专著 : 图解建筑
264 1 _aNanjing :
_bJiangsu Science and Technology Press : ifengspace,
_c2013.
300 _a304 pages :
_bcolor illustrations ;
_c24 cm
336 _2rdacontent
_atext
_btxt
337 _2rdamedia
_aunmediated
_bn
338 _2rdacarrier
_avolume
_bnc
546 _aText in Chinese and English.
650 7 _aArchitectural design.
_2BUEsh
650 7 _aArchitectural drawing.
_2BUEsh
651 _2BUEsh
653 _bENGARC
_cMarch2017
655 _vReading book
710 2 _aIfengspace Beijing,
_eeditor.
942 _2ddc
_cBB
999 _c24540
_d24512